MARC details
| 000 -CABECERA |
| campo de control de longitud fija |
03293nam a2200457 a 4500 |
| 003 - IDENTIFICADOR DEL NÚMERO DE CONTROL |
| campo de control |
CHAP |
| 005 - FECHA Y HORA DE LA ÚLTIMA TRANSACCIÓN |
| campo de control |
20241121114750.0 |
| 007 - CAMPO FIJO DE DESCRIPCIÓN FÍSICA--INFORMACIÓN GENERAL |
| campo de control de longitud fija |
cr || |||a|c|a |
| 008 - DATOS DE LONGITUD FIJA--INFORMACIÓN GENERAL |
| campo de control de longitud fija |
110112s2010 mx r 00010 spa d |
| 035 ## - NÚMERO DE CONTROL DEL SISTEMA |
| Número de control de sistema |
111885 |
| 040 ## - FUENTE DE LA CATALOGACIÓN |
| Centro/agencia transcriptor |
CHAP |
| 090 ## - LOCALMENTE ASIGNADO TIPO-LC NÚMERO DE CLASIFICACIÓN (OCLC); NÚMERO DE CLASIFICACIÓN LOCAL (RLIN) |
| Número de clasificación (OCLC) (R) ; Numero de clasificación, CALL (RLIN) (NR) |
Tesis |
| 100 1# - ENTRADA PRINCIPAL--NOMBRE DE PERSONA |
| Nombre de persona |
Orozco Ávila, Armando. |
| 9 (RLIN) |
83692 |
| 245 10 - MENCIÓN DE TÍTULO |
| Título |
Descripción antropogénica actual en tres comunidades y estimación poblacional de codorniz escamosa (Callipepla squamata Vigors), de la Reserva de la Biosfera de Mapimí |
| Mención de responsabilidad, etc. |
/por Armando Orozco Ávila; director de tesis Gonzalo Hernández Ibarra. |
| 260 ## - PUBLICACIÓN, DISTRIBUCIÓN, ETC. |
| Fecha de publicación, distribución, etc. |
x |
| 264 ## - PRODUCCIÓN, PUBLICACIÓN, DISTRIBUCIÓN, FABRICACIÓN Y COPYRIGHT |
| Producción, publicación, distribución, fabricación y copyright |
Bermejillo, Dgo. : |
| Nombre del de productor, editor, distribuidor, fabricante |
El autor, |
| Fecha de producción, publicación, distribución, fabricación o copyright |
El autor. |
| 300 ## - DESCRIPCIÓN FÍSICA |
| Extensión |
1 recurso en línea (71 páginas): |
| Otras características físicas |
cuadros, figuras. |
| 336 ## - TIPO DE CONTENIDO |
| Fuente |
rdacontent |
| Término de tipo de contenido |
texto |
| Código de tipo de contenido |
txt |
| 337 ## - TIPO DE MEDIO |
| Fuente |
rdamedia |
| Nombre/término del tipo de medio |
computadora |
| Código del tipo de medio |
c |
| 338 ## - TIPO DE SOPORTE |
| Fuente |
rdacarrier |
| Nombre/término del tipo de soporte |
recursos en línea |
| Código del tipo de soporte |
cr |
| 502 ## - NOTA DE TESIS |
| Tipo de título |
Ingeniería en Sistemas Pecuarios |
| Nombre de la institución que otorga el título |
Unidad Regional Universitaria de Zonas Áridas, |
| Año de obtención del título |
2010. |
| Información miscelánea |
Licenciatura |
| 520 ## - SUMARIO, ETC. |
| Sumario, etc. |
El presente trabajo se enfocó a estimar la población de Codorniz Escamosa (Callipepla squamata Vigors) en la Reserva de la Biosfera de Mapimí en los años 2009 y 2010; así como la disponibilidad de la gente de la reserva a la conservación, reproducción y aprovechamiento de la codorniz. La reserva cuenta con 342,388 ha de las cuales 28,532 ha pertenecen a la zona núcleo y 313,855 ha a la zona de amortiguamiento. La Codorniz Escamosa es una especie común para los habitantes de la región de la Reserva de la Biosfera de Mapimí, más no es una especie usualmente aprovechada; las encuestas realizadas mostraron un panorama real sobre la interacción de los pobladores con la codorniz. Se realizaron 10 transectos en tres ejidos de la reserva (La Flor, Granja Morelos y Estación Carrillo), de 5 km de largo por 50 m de ancho, con un resultado de 0.073 codornices ha-1. La abundancia no es alta debido a los disturbios (Climáticos, ecológicos y por los asentamientos humanos) en la zona amortiguamiento. La población encuestada (70 entrevistados) conoce bien la Codorniz Escamosa; sin embargo, no hay un aprovechamiento de la codorniz de manera integral, todos coinciden en que solo es aprovechada la fauna de la región en situaciones difíciles, por economía o climáticas. La cantidad de pobladores que han consumido la codorniz, es sumamente inferior a lo esperado en este estudio. La presente investigación proporcionara bases para estudios posteriores, por el acercamiento a la gente en el tema relacionado con la codorniz. |
| 650 14 - PUNTO DE ACCESO ADICIONAL DE MATERIA--TÉRMINO DE MATERIA |
| Término de materia o nombre geográfico como elemento de entrada |
Aves |
| Subdivisión general |
Razas. |
| 9 (RLIN) |
8623 |
| 650 14 - PUNTO DE ACCESO ADICIONAL DE MATERIA--TÉRMINO DE MATERIA |
| Término de materia o nombre geográfico como elemento de entrada |
Codorniz |
| Subdivisión general |
Aprovechamiento. |
| 9 (RLIN) |
24303 |
| 650 14 - PUNTO DE ACCESO ADICIONAL DE MATERIA--TÉRMINO DE MATERIA |
| Término de materia o nombre geográfico como elemento de entrada |
Reserva de la Biósfera de Mapimí, Dgo. |
| 9 (RLIN) |
96093 |
| 700 1# - PUNTO DE ACCESO ADICIONAL--NOMBRE DE PERSONA |
| Nombre de persona |
Hernández Ibarra, Gonzalo |
| 9 (RLIN) |
54178 |
| Término indicativo de función/relación |
Director de tesis. |
| 856 ## - LOCALIZACIÓN Y ACCESO ELECTRÓNICOS |
| Identificador Uniforme del Recurso |
http://10.13.5.2/tesis/111885.pdf |
| Nota pública |
DESCARGAR PDF |
| 942 ## - ELEMENTOS DE PUNTO DE ACCESO ADICIONAL (KOHA) |
| Tipo de ítem Koha |
Tesis digital |
| Fuente del sistema de clasificación o colocación |
Clasificación Universidad Autónoma Chapingo |
| 590 ## - NOTA LOCAL (RLIN) |
| Nota local |
ALEPH |
| Procedencia (VM) [OBSOLETO] |
10 |
| Condición del los carretes individuales (VM) [OBSOLETO] |
20130110 |
| 590 ## - NOTA LOCAL (RLIN) |
| Nota local |
BATCH-UPD |
| Procedencia (VM) [OBSOLETO] |
10 |
| Condición del los carretes individuales (VM) [OBSOLETO] |
20130110 |
| 590 ## - NOTA LOCAL (RLIN) |
| Nota local |
BATCH-UPD |
| Procedencia (VM) [OBSOLETO] |
10 |
| Condición del los carretes individuales (VM) [OBSOLETO] |
20130410 |
| 590 ## - NOTA LOCAL (RLIN) |
| Nota local |
BATCH-UPD |
| Procedencia (VM) [OBSOLETO] |
10 |
| Condición del los carretes individuales (VM) [OBSOLETO] |
20130914 |
| 590 ## - NOTA LOCAL (RLIN) |
| Nota local |
BATCH-UPD |
| Procedencia (VM) [OBSOLETO] |
10 |
| Condición del los carretes individuales (VM) [OBSOLETO] |
20140324 |
| 590 ## - NOTA LOCAL (RLIN) |
| Nota local |
BATCH-UPD |
| Procedencia (VM) [OBSOLETO] |
10 |
| Condición del los carretes individuales (VM) [OBSOLETO] |
20141002 |
| 590 ## - NOTA LOCAL (RLIN) |
| Nota local |
CONVERSION |
| Procedencia (VM) [OBSOLETO] |
10 |
| Condición del los carretes individuales (VM) [OBSOLETO] |
20130109 |
| 901 ## - ELEMENTOS DE DATOS A LOCAL LDA (RLIN) |
| a |
BK |
| 949 ## - PROCESAMIENTO DE INFORMACIÓN LOCAL (OCLC) |
| a |
Tesis |
| b |
BC |
| c |
TES |
| d |
33724002225363 |
| e |
TS2 |
| f |
c.2 |
| g |
DonaciØn |
| h |
51724 |
| i |
111885 |
| s |
b |
| 949 ## - PROCESAMIENTO DE INFORMACIÓN LOCAL (OCLC) |
| a |
Tesis |
| b |
BC |
| c |
TES |
| d |
33724002225405 |
| e |
TS1 |
| g |
DonaciØn |
| h |
51723 |
| i |
111885 |
| s |
b |